| 000 | 00957nam a2200277 a 4500 | ||
|---|---|---|---|
| 001 | 000044721 | ||
| 003 | DO-SdBNP | ||
| 005 | 20220922130834.0 | ||
| 007 | ta | ||
| 008 | 150107s2016 dr a 000 0 spa d | ||
| 040 |
_aDO-SdBNP _bspa _cBNPHU |
||
| 082 |
_axxxx _bR426l |
||
| 110 | 1 |
_aRepública Dominicana. _bDefensor del Pueblo _9447 |
|
| 240 | 1 | 0 | _a[Leyes, etc.] |
| 245 | 1 | 3 |
_aLegislación sobre el defensor del pueblo : _bConstitución de la República de 2010 (fragmento) / |
| 250 | _a3 era. ed. | ||
| 260 |
_aSanto Domingo : _bTele-3, _c2016. |
||
| 300 |
_a66 p. ; _c24 cm. |
||
| 505 | _aLey No. 19-01, Ley No. 367-01, Leyes No. 137-11, 186-07, 12-06, 1-12, y 590-16 | ||
| 590 | _aInventariado, 2022 / DG | ||
| 650 | 4 |
_aLeyes _zRepública Dominicana _93033 |
|
| 650 | 4 |
_aAcción y defensa (Derecho) _zRepública Dominicana _981434 |
|
| 650 | 4 |
_aDefensa (Procedimiento penal) _zRepública Dominicana _916593 |
|
| 910 | _aDG | ||
| 942 |
_2ddc _cLBS1 |
||
| 999 |
_c51500 _d51500 |
||